书目信息 |
| 题名: |
家电维修技术精华丛书
|
|
| 作者: | 廖汇芳 主编 | |
| 分册: | ||
| 出版信息: | 北京 电子工业出版社 1992.1 |
|
| 页数: | 391页 | |
| 开本: | 20cm | |
| 丛书名: | ||
| 单 册: | ||
| 中图分类: | T-51 | |
| 科图分类: | ||
| 主题词: | 工业技术 | |
| 电子资源: | ||
| ISBN: | ||
| 000 | 00559nam0 2200193 45 | |
| 001 | 0312221749 | |
| 005 | 20031222170904.1 | |
| 010 | @dCNY7.40 | |
| 100 | @a20031222d1992 km y0chiy0120 ea | |
| 101 | @achi | |
| 105 | @a z 000yy | |
| 200 | 1 | @a家电维修技术精华丛书@AJia Dian Wei Xiu Ji Shu Jing Hua Cong Shu@f廖汇芳主编@FLiao Hui Fang Zhu Bian@e录象机 摄象机 |
| 210 | @a北京@c电子工业出版社@d1992.1 | |
| 215 | @a391页@d20cm | |
| 606 | 0 | @a工业技术 |
| 690 | @aT-51@v3 | |
| 701 | 0 | @a廖汇芳@4主编 |
| 801 | @aCN@bTSTCL@c20031222 | |
| 905 | @a213230@dT-51@e73:5 | |
| 家电维修技术精华丛书/廖汇芳主编:录象机 摄象机.-北京:电子工业出版社,1992.1 |
| 391页;20cm |
| ISBN :CNY7.40 |
| ● |
| 相关链接 |
|
|
|
|
正题名:家电维修技术精华丛书
索取号:T-51/73:5
 
预约/预借
| 序号 | 登录号 | 条形码 | 馆藏地/架位号 | 状态 | 备注 |
| 1 | 0243702 | 202452247 | 第二样本阅览室/ [索取号:T-51/73:5] | 在馆 |